000
00257 a2200109 4500
245
_a
A student's guide to Capital gains tax
_h
print
250
_a
2007 ed.
100
_a
Alex Bretteny
650
_a
tax
005
20191017173438.0
260
_a
it
_b
Humewood
_c
2006
084
_a
KKH3623.A28
999
_c
10269
_d
10269